| 000 | 00614nam a22001577a 4500 | ||
|---|---|---|---|
| 003 | OSt | ||
| 005 | 20151103150111.0 | ||
| 008 | 151103b xxu||||| |||| 00| 0 eng d | ||
| 040 | _cRUA | ||
| 082 | _aFOR យិន 1995 B120 Or.1 | ||
| 100 |
_93273 _aយិន វណ្ណាវុធ |
||
| 245 | _aប្រភេទឈើប្រេងខ្យល់ក្នុងវិស័យសេដ្ឋកិច្ចឧស្សាហកម្ម និងតំរូវការប្រើប្រាស់នៅជនបទ | ||
| 260 |
_aPhnom Penh _bRUA _c1995 |
||
| 300 |
_a136p. _bill. _c29cm. |
||
| 942 |
_2ddc _cFIS |
||
| 999 |
_c3054 _d3054 |
||